| 000 | 01055 a2200193 4500 | ||
|---|---|---|---|
| 001 | 29286 | ||
| 005 | 20260407155602.0 | ||
| 008 | 260407a1976 arg spa d | ||
| 003 | AR-UNSa-BCEJYS | ||
| 040 |
_aAR-UNSa-BCEJYS _bspa _cAR-UNSa-BCEJYS |
||
| 080 |
_a657.41 _xContabilidad Financiera |
||
| 245 | 1 | 0 | _aLa información contable y la rentabilidad del capital |
| 264 | 1 |
_aBuenos Aires : _bEl Coloquio _c1976 |
|
| 300 |
_a95 p. _c22 cm. |
||
| 505 | _a1. Medida de la eficacia en la aplicación del capital - 2. Razones que justifican la medición con alcance diverso - 3. Los estados contables y la determinación de los factores basicosque permiten el calculo de la rentabilidad - 4. Deterioro del signo monetario y su incidencia en el calculo de la rentabilidad - 5. Capital aplicado - 6. Posibilidad de caracterizar al capital y asignarlo a conjuntos de resultados - 7. Otros elementos utilizados para profundizar interpretacion de la rentabilidad. | ||
| 942 | _cBK | ||
| 590 | _aniveau_biblio:m niveau_hierar:0 | ||
| 100 | 1 | _aArreghini, Hugo Ricardo | |
| 999 |
_c1836 _d1836 |
||